Filmekből könyvet!

Elmentve itt :
Bibliográfiai részletek
Szerző: Akácz László
Dokumentumtípus: Cikk
Megjelent: 1968-10-31
Sorozat:Délmagyarország 58 No. 256
Kulcsszavak:Filmszemle néprajzi Szeged, kisfilm, amatőrfilm
Online Access:http://dmarchiv.bibl.u-szeged.hu/75462
LEADER 00477nab a2200157 i 4500
001 delm75462
005 20180928084318.0
008 180928s1968 hu o 0|| hun d
040 |a SZTE Délmagyarország Archívum  |b hun 
041 |a hun 
100 1 |a Akácz László 
245 1 0 |a Filmekből könyvet!  |h [elektronikus dokumentum] /  |c  Akácz László 
260 |c 1968-10-31 
300 |a 5 
490 0 |a Délmagyarország  |v 58 No. 256 
695 |a Filmszemle néprajzi Szeged, kisfilm, amatőrfilm